Taylor Swift - The Life of a Showgirl First Lines Quiz - Statistics

General Stats
  • This quiz has been taken 65 times
  • The average score is 11 of 12
Answer Stats
Hint Answer % Correct
"You can call me _____ if you want because I'm the one you want" Honey
100%
"I had a bad habit, of missing lovers past" Opalite
100%
"You thought that it would be okay, at first, the situation could be saved, of course" CANCELLED!
98%
"When I found you, you were young, wayward, lost in the cold" Father Figure
98%
"Her name was Kitty, made her money being pretty and witty" The Life of a Showgirl
98%
"I heard you calling on the megaphone, you wanna see me all alone" The Fate of Ophelia
96%
"They want that life yacht, under copper blades" Wi$h Li$t
96%
"Glistening grass from September rain, gray overpass full of neon names" Ruin The Friendship
93%
"Daisy's bare naked I was distraught" Wood
93%
"I heard you call me boring Barbie when you're out feeling brave" Actually Romantic
91%
"Everybody's so punk on the internet, everyone's unbothered 'til they're not" Eldest Daughter
91%
"_________ _______, do you think it's forever?" Elizabeth Taylor
91%
No matching quizzes found
Score Distribution
Percent of People with Each Score
Percentile by Number Answered
Your Score History
You have not taken this quiz